000 00839cam a2200205 4500
001 WB3808-22
008 020227n2002 000 0 eng u
035 _a(Sirsi) u116879
245 _aHome loss payment
260 _c2002
490 _aEstates Gazette
_v[2002] 08 EG 163 (CS) (23/2/02)
520 _a"Ingle v Scarborough BC", CA 12 February 2002 which examined whether a judge was entitled to make a finding of fact that the appellant (I) had left premises voluntarily rather than being displaced for the purposes of Land Compensation Act 1973 s.29(1)(c). I's appeal was dismissed.
590 _aWB
650 _aHOME LOSS PAYMENT
650 _aDISPLACEMENT
650 _aINGLE V SCARBOROUGH BC
650 _aLAND COMPENSATION ACT 1973 S29(1)(C)
690 _aLANDLORD AND TENANT-RESIDENTIAL TENANCIES-CASE LAW
942 _n0
999 _c69616
_d69616